Plant cell Biotechnology and Molecular Biology/ (Record no. 759696)

MARC details
000 -LEADER
fixed length control field 00346nam a2200121 4500
082 ## - DEWEY DECIMAL CLASSIFICATION NUMBER
Classification number 631.5 MIL
084 ## - OTHER CLASSIFICATION NUMBER
Source of Number Colon Classification
100 ## - MAIN ENTRY--AUTHOR NAME
Personal name Miller David
245 ## - TITLE STATEMENT
Title Plant cell Biotechnology and Molecular Biology/
Statement of responsibility, etc David Miller
260 ## - PUBLICATION, DISTRIBUTION, ETC. (IMPRINT)
Place of publication USA:
Name of publisher American Academic Publishers;
Year of publication 2026.
942 ## - ADDED ENTRY ELEMENTS (KOHA)
Source of classification or shelving scheme Dewey Decimal Classification
Koha item type Book

No items available.